000 00542nam a2200193Ia 4500
005 20250326142839.0
008 250326s9999 xx 000 0 und d
020 _a0-7506-3209-7
037 _aTextbook
040 _aFMSL
_beng
_cFMSL
041 _aeng
_2eng
084 _aX:81 N9
_qFMSL
100 _aOakland J S
_9744105
245 0 _aTotal organizational excellance
_cOakland J S
260 _aUnited Kingdom
_bUnited Kingdom, Butterworth
_c1999
300 _avii,271
942 _cTB
_hX:81 N9
999 _c1296916
_d1296916